logo

Bir Sreshtho Munshi Abdur Rouf Library
Jhenaidah Cadet College

লষ্ক প্রাণের বিনিময়ে / (Record no. 1031)

MARC details
000 -LEADER
fixed length control field 00690nam a2200205 a 4500
003 - CONTROL NUMBER IDENTIFIER
JCCL marc code BD-JhCC
005 - DATE AND TIME OF LATEST TRANSACTION
control field 20171014093542.0
008 - FIXED-LENGTH DATA ELEMENTS--GENERAL INFORMATION
fixed length control field 171014s1981 bg a|||| ||a| 000 0 ben d
035 ## - SYSTEM CONTROL NUMBER
system control number (BD-JhCC)
040 ## - CATALOGING SOURCE
Original cataloging agency BD-JhCC
Modifying agency BD-JhCC
041 ## - LANGUAGE CODE
Language code of Book ben
082 ## - DEWEY DECIMAL CLASSIFICATION NUMBER
Classification number 954.92
Author mark and Year ISL 1981
100 ## - MAIN ENTRY--PERSONAL NAME
Personal name ইসলাম, রফিক-উল
245 ## - TITLE STATEMENT
Title লষ্ক প্রাণের বিনিময়ে /
Statement of responsibility, etc রফিক-উল-ইসলাম,
260 ## - PUBLICATION, DISTRIBUTION, ETC. (IMPRINT)
Place of publication, distribution, etc ঢাকা :
Name of publisher, distributor, etc বাংলাদেশ বুকস ইন্টারন্যাশনাল লিঃ
Date of publication, distribution, etc 1981
300 ## - PHYSICAL DESCRIPTION
Pagination 331 p.;
Dimensions 22 cm.
650 ## - SUBJECT ADDED ENTRY--TOPICAL TERM
Topical term or geographic name as entry element History of Liberation, 1971
942 ## - ADDED ENTRY ELEMENTS (KOHA)
Source of classification or shelving scheme Dewey Decimal Classification
Koha item type Books

No items available.


JCC Library | Contacts | JCC Home

Last Update on 23 September 2017
Copyright @ 2017-2020 JCC Rouf Library
Rouf Library, Jhenidah Cadet College (JCC), Bangladesh